000 00306nam a2200121Ia 4500
008 220216s9999 xx 000 0 und d
100 _aKhoo T C
245 2 _aA New process for skim rubber production
650 _aSkim rubber production
700 _aAbdul Rahman Rais
700 _aPmg C O
942 _cJS
999 _c53444
_d53444